00629nam a2200181Ia 4500008004100000040001800041041000800059100002400067245005000091250001200141260006500153300001800218490005200236500002900288600003400317600007000351650002600421130821s1964 mx gr spa  aCo-BoUCMbspa aspa aSerrano Poncela, S. 3aEl pensamiento de UnamunocS. Serrano Poncela a2a. ed. aMéxico D.F. (México)bFondo de Cultura Económicac1964 a265 páginas aBreviarios del Fondo de Cultura Económica; 76 aNotas al pie de página aUnamuno, Miguel ded1864-1936 aUnamuno, Miguel ded1864-1936xCrítica e interpretación, etc.04aLiteratura española